000 00455nam a2200193Ia 4500
005 20240823060112.0
008 240823s9999||||xx |||||||||||||| ||und||
020 _a81-219-1745-X
041 _aENGLISH
082 _A020 N8
100 _aKumar P S G
245 0 _aFundamentals of Information Science
250 _a1st
260 _c1998
_bS.Chand & Compan
500 _aYES
650 _aLibrary Science
_bGeneral
942 _cBK
999 _c230342
_d230342